Rebels, mercenaries, and dividends : (Record no. 196042)
[ view plain ]
| 000 -LEADER | |
|---|---|
| fixed length control field | 00630cam6a220019300 4500 |
| 001 - CONTROL NUMBER | |
| control field | qce00809291 |
| 005 - DATE AND TIME OF LATEST TRANSACTION | |
| control field | 20190830120619.0 |
| 008 - FIXED-LENGTH DATA ELEMENTS--GENERAL INFORMATION | |
| fixed length control field | 810811s1962 nyua 000 0 eng d |
| 035 ## - SYSTEM CONTROL NUMBER | |
| System control number | (Sirsi) r29380 |
| 035 ## - SYSTEM CONTROL NUMBER | |
| System control number | (QCAT)lss03151617 |
| 035 ## - SYSTEM CONTROL NUMBER | |
| System control number | (UPRA)qce00809291 |
| 040 ## - CATALOGING SOURCE | |
| Modifying agency | UPRA |
| 100 1# - MAIN ENTRY--PERSONAL NAME | |
| Personal name | Hempstone, Smith, 1929- |
| Dates associated with a name | Hempstone, Smith, 1929- |
| Linkage | A93750.1 |
| 245 10 - TITLE STATEMENT | |
| Title | Rebels, mercenaries, and dividends : |
| Remainder of title | the Katanga story. |
| 260 ## - PUBLICATION, DISTRIBUTION, ETC. | |
| Place of publication, distribution, etc. | New York : |
| Name of publisher, distributor, etc. | Praeger, |
| Date of publication, distribution, etc. | [c1962] |
| 651 #0 - SUBJECT ADDED ENTRY--GEOGRAPHIC NAME | |
| Geographic name | Shaba (Zaire) -- History. |
| General subdivision | Shaba (Zaire) -- History. |
| Linkage | S4156.1 |
| 949 ## - LOCAL PROCESSING INFORMATION (OCLC) | |
| a | DT665 |
| w | lcc |
| i | -32101 |
| m | MAIN |
| t | BOOK |
| l | ON-SHELF |
No items available.